| 000 | 00752nam a2200205Ia 4500 | ||
|---|---|---|---|
| 003 | GCL | ||
| 005 | 20240530103143.0 | ||
| 008 | 140319s9999 xx 000 0 ara d | ||
| 040 |
_aGCL / _cGCL |
||
| 082 | 0 | 4 |
_a953.04 _bم ق |
| 100 | 1 | _aمحمد عبدالفتاح عليان | |
| 245 | 1 | 0 |
_aقيام الدولة العباسية: وتفسير جديد لدوافع الفرس الى مؤازرتها / _cمحمد عبدالفتاح عليان |
| 250 | _aط2 | ||
| 260 |
_a[S.N] : _bدار الهدايه للطباعة والتوويع والنشر ، _c1994 |
||
| 300 |
_a256 ص ؛ _b24 سم. |
||
| 650 | 0 | 4 | _aالتاريخ الاسلامى |
| 650 | 0 | 4 | _aالدولة العباسية |
| 650 | 0 | 4 | _aالعرب والفرس |
| 942 |
_2ddc _cBK |
||
| 999 |
_c37206 _d37206 |
||